[Event "Sparkassen-Open A"]
[Site "Heusenstamm, Martinsee"]
[Date "2025.11.20"]
[Round "1.51"]
[White "Gundel, Julian"]
[Black "Derr, Oleg"]
[Result "0-1"]
[WhiteElo "1894"]
[BlackElo "2140"]
[PlyCount "62"]
[EventDate "2025.11.20"]
[WhiteTeam "SV Königsspringer 1929 Großauhei"]
[BlackTeam "VSG 1880 Offenbach"]

1. Nf3 Nf6 2. b3 g6 3. Bb2 Bg7 4. e3 b6 5. d4 Bb7 6. Be2 O-O 7. O-O c5 8. c4 cxd4 9. Nxd4 Nc6 10. Bf3 Qc8 11. Nd2 Ne5 12. Bxb7 Qxb7 13. N2f3 d6 14. Nxe5 dxe5 15. Qf3 e4 16. Qe2 Nd7 17. b4 Rac8 18. c5 Ne5 19. Rac1 Rfd8 20. Rfd1 Nd3 21. Rc2 Rd7 22. f3 Rcd8 23. Nc6 Nf4 24. exf4 Rxd1+ 25. Kf2 exf3 26. gxf3 Bxb2 27. Rxb2 R8d7 28. Nxe7+ Kf8 29. Qe5 Rf1+ 30. Kg3 Qxf3+ 31. Kh4 Qxf4+ 0-1

[Event "Sparkassen-Open A"]
[Site "Heusenstamm, Martinsee"]
[Date "2025.11.20"]
[Round "1.52"]
[White "Wolf, Ulrich Martin"]
[Black "Arkhipenko, Denis"]
[Result "1-0"]
[WhiteElo "2137"]
[BlackElo "1804"]
[PlyCount "59"]
[EventDate "2025.11.20"]
[WhiteTeam "SK Bad Homburg 1927"]
[BlackTeam "SC Heusenstamm"]

1. d4 Nf6 2. Nf3 g6 3. Bg5 Bg7 4. Nbd2 d5 5. e3 b6 6. Bb5+ c6 7. Bd3 Ba6 8. Bxa6 Nxa6 9. a4 O-O 10. O-O c5 11. c3 h6 12. Bf4 Nh5 13. Be5 f6 14. Bg3 Nxg3 15. hxg3 e5 16. Nh4 Kh7 17. Qg4 Qe8 18. dxe5 f5 19. Qe2 g5 20. Qxa6 gxh4 21. f4 hxg3 22. Rf3 Rg8 23. Rxg3 Qe7 24. Nf3 Bh8 25. Rxg8 Rxg8 26. Qd3 Qf7 27. Rd1 Rg4 28. Qxd5 Qg6 29. Rd2 Rg3 30. Nh4 1-0

[Event "Sparkassen-Open A"]
[Site "Heusenstamm, Martinsee"]
[Date "2025.11.20"]
[Round "1.53"]
[White "Hoffmann, Christian"]
[Black "Windmüller, Simon"]
[Result "1/2-1/2"]
[WhiteElo "1891"]
[BlackElo "2137"]
[PlyCount "104"]
[EventDate "2025.11.20"]
[WhiteTeam "SAbt BKA Wiesbaden"]
[BlackTeam "SV 1926 Riegelsberg"]

1. e4 e5 2. Nf3 Nc6 3. Bb5 a6 4. Ba4 Nf6 5. d3 b5 6. Bb3 Be7 7. Nc3 d6 8. Nd5 Nxd5 9. Bxd5 Bb7 10. c3 O-O 11. O-O Na5 12. Bxb7 Nxb7 13. d4 exd4 14. Nxd4 Qd7 15. Nf5 Bf6 16. Qg4 Kh8 17. Be3 g6 18. Nh6 Qxg4 19. Nxg4 Bg7 20. Bd4 f6 21. f3 Kg8 22. Bf2 Rfb8 23. Ne3 Na5 24. Nd5 c5 25. Be3 Rd8 26. Rad1 Nb7 27. Rfe1 Kf7 28. Re2 Rac8 29. f4 Rc6 30. f5 g5 31. h4 h6 32. b3 c4 33. b4 a5 34. bxa5 gxh4 35. Nb4 Rcc8 36. Bf2 Nc5 37. Rd5 Bf8 38. a6 Re8 39. Bxc5 dxc5 40. Rd7+ Re7 41. Rxe7+ Bxe7 42. Nd5 Rc6 43. a3 Rxa6 44. Rb2 Ra5 45. Kh2 Bd6+ 46. Kh3 Bg3 47. Kg4 Be1 48. Kh5 Kg7 49. Re2 Bg3 50. Rb2 Be1 51. Re2 Bg3 52. Rb2 Be1 1/2-1/2

[Event "Sparkassen-Open A"]
[Site "Heusenstamm, Martinsee"]
[Date "2025.11.20"]
[Round "1.54"]
[White "Rose, Daniel"]
[Black "Kirchmann, Sascha"]
[Result "1-0"]
[WhiteElo "2128"]
[BlackElo "1890"]
[PlyCount "67"]
[EventDate "2025.11.20"]
[WhiteTeam "SV Königsjäger Süd-West e.V."]
[BlackTeam "SAbt SU Mühlheim"]

1. d4 d5 2. c4 e6 3. cxd5 exd5 4. Nc3 Nf6 5. Bg5 Be7 6. e3 Nbd7 7. Bd3 c6 8. Nf3 O-O 9. h3 Re8 10. Qc2 Nf8 11. Bf4 Bd6 12. Bxd6 Qxd6 13. O-O-O Be6 14. Kb1 Rac8 15. g4 c5 16. g5 N6d7 17. Bf5 c4 18. h4 a6 19. h5 b5 20. g6 fxg6 21. hxg6 h6 22. Bxe6+ Qxe6 23. Rh5 Nf6 24. Re5 Qg4 25. Rxe8 Rxe8 26. Ne5 Qe6 27. Ne2 N6d7 28. Nf4 Qd6 29. Ng4 Nf6 30. Qf5 N8d7 31. Rh1 Rf8 32. Ne5 Nxe5 33. dxe5 Nd7 34. Qf7+ 1-0

[Event "Sparkassen-Open A"]
[Site "Heusenstamm, Martinsee"]
[Date "2025.11.20"]
[Round "1.55"]
[White "Lotz, Ralf"]
[Black "Stephanblome, Felix"]
[Result "0-1"]
[WhiteElo "1889"]
[BlackElo "2102"]
[PlyCount "69"]
[EventDate "2025.11.20"]
[WhiteTeam "SC 1952 Obertshausen"]
[BlackTeam "SV 1934 Ffm-Griesheim (V)"]

1. d4 d5 2. Nf3 Nf6 3. c4 e6 4. Nc3 Be7 5. Bf4 O-O 6. e3 b6 7. Be2 dxc4 8. Bxc4 Bb7 9. O-O Nbd7 10. Qe2 Ne4 11. Nxe4 Bxe4 12. Rfd1 Bd6 13. Ng5 Bxf4 14. exf4 Bg6 15. h4 h6 16. h5 Bf5 17. g4 hxg5 18. gxf5 exf5 19. Qc2 Qf6 20. Bd3 gxf4 21. Qxc7 Qg5+ 22. Kf1 Qxh5 23. Qxf4 Rae8 24. f3 Re6 25. Kf2 g5 26. Rg1 Rg6 27. Qxf5 Qh4+ 28. Rg3 Qxd4+ 29. Kf1 Nc5 30. Bc2 Ne6 31. Re1 Nf4 32. Rxg5 Qc4+ 33. Kg1 Nh3+ 34. Qxh3 Rxg5+ 35. Kh1 0-1

[Event "Sparkassen-Open A"]
[Site "Heusenstamm, Martinsee"]
[Date "2025.11.20"]
[Round "1.56"]
[White "Thomas, Ingo"]
[Black "Voss, Georg"]
[Result "1-0"]
[WhiteElo "2100"]
[BlackElo "1886"]
[PlyCount "57"]
[EventDate "2025.11.20"]
[WhiteTeam "Krefelder SK Turm 1851 e"]
[BlackTeam "SV Meschede e. V."]

1. c4 e6 2. g3 d5 3. Bg2 Nf6 4. Nf3 c5 5. cxd5 exd5 6. d4 Nc6 7. O-O cxd4 8. Nxd4 Bc5 9. Nxc6 bxc6 10. Qc2 Qb6 11. Nc3 Be7 12. e4 Ba6 13. Re1 d4 14. e5 Nd7 15. Na4 Qc7 16. e6 Nb8 17. Bf4 d3 18. Qc3 Qc8 19. Qxg7 Rf8 20. exf7+ Rxf7 21. Qg8+ Rf8 22. Qxh7 Qd8 23. Bh6 d2 24. Bxd2 Bd3 25. Rxe7+ Qxe7 26. Qxd3 Qd7 27. Qg6+ Kd8 28. Ba5+ Kc8 29. Nc5 1-0

[Event "Sparkassen-Open A"]
[Site "Heusenstamm, Martinsee"]
[Date "2025.11.20"]
[Round "1.57"]
[White "Faßler, Felix"]
[Black "Tran, Duc Cuong"]
[Result "0-1"]
[WhiteElo "1859"]
[BlackElo "2109"]
[PlyCount "82"]
[EventDate "2025.11.20"]
[WhiteTeam "SC Fulda"]
[BlackTeam "LSV Turm Lippstadt"]

1. Nf3 c5 2. g3 d5 3. Bg2 Nc6 4. d4 Nf6 5. O-O e6 6. c4 dxc4 7. Ne5 Bd7 8. Nxc4 cxd4 9. Bf4 Be7 10. Nd6+ Kf8 11. Nxb7 Qb6 12. Nd6 Qc5 13. b4 Qxb4 14. a3 Qc5 15. Nd2 e5 16. N6e4 Nxe4 17. Nxe4 Qb6 18. Bd2 f5 19. Ng5 h6 20. Nf3 e4 21. Rb1 Qd8 22. Ne1 Bf6 23. Nc2 Kg8 24. Bf4 Kh7 25. Rb7 Na5 26. Rb4 Nc6 27. Rb7 Rc8 28. Nb4 Nxb4 29. axb4 a6 30. Qb3 Bc6 31. Ra7 Qd5 32. Qxd5 Bxd5 33. Bh3 Kg6 34. Rxa6 Ra8 35. Rxa8 Rxa8 36. Rc1 d3 37. Kf1 Ra2 38. exd3 exd3 39. Rc5 Ra1+ 40. Bc1 d2 41. Bxf5+ Kf7 0-1

[Event "Sparkassen-Open A"]
[Site "Heusenstamm, Martinsee"]
[Date "2025.11.20"]
[Round "1.59"]
[White "Senatov, Boris"]
[Black "Serbu, Daniel Elias"]
[Result "0-1"]
[WhiteElo "1880"]
[BlackElo "2109"]
[PlyCount "30"]
[EventDate "2025.11.20"]
[WhiteTeam "SC Heusenstamm"]
[BlackTeam "SAbt TuS Makkabi Ffm"]

1. e4 c5 2. Nf3 Nc6 3. d4 cxd4 4. Nxd4 Qc7 5. Nc3 Nf6 6. g3 Nxe4 7. Ndb5 Qa5 8. Bf4 Nxc3 9. bxc3 b6 10. Bg2 a6 11. Nd4 Qxc3+ 12. Bd2 Qxd4 13. O-O g6 14. Qe1 Bg7 15. Rd1 Qe5 0-1

[Event "Sparkassen-Open A"]
[Site "Heusenstamm, Martinsee"]
[Date "2025.11.20"]
[Round "1.60"]
[White "Vedant Kumar Saravana"]
[Black "Zargaran, Sepas"]
[Result "1-0"]
[WhiteElo "2108"]
[BlackElo "1880"]
[PlyCount "39"]
[EventDate "2025.11.20"]
[WhiteTeam "Skakforeningen Obro"]
[BlackTeam "VSG 1880 Offenbach"]

1. e4 c5 2. Nf3 d6 3. d4 cxd4 4. Nxd4 Nf6 5. Nc3 a6 6. Be2 e5 7. Nb3 Be7 8. Be3 b5 9. a4 b4 10. Nd5 Nbd7 11. Nxb4 Bb7 12. f3 O-O 13. O-O Ne8 14. Nd5 f5 15. exf5 Rxf5 16. Na5 Bxd5 17. Qxd5+ Kf8 18. Bc4 Bg5 19. Qg8+ Ke7 20. Nc6+ 1-0

[Event "Sparkassen-Open A"]
[Site "Heusenstamm, Martinsee"]
[Date "2025.11.20"]
[Round "1.61"]
[White "Kessler, Georg"]
[Black "Hötte, Philipp"]
[Result "0-1"]
[WhiteElo "1876"]
[BlackElo "2087"]
[PlyCount "66"]
[EventDate "2025.11.20"]
[WhiteTeam "SC Sulzbach-Rosenberg"]
[BlackTeam "LSV Turm Lippstadt"]

1. Nf3 Nf6 2. c4 g6 3. d4 Bg7 4. Nc3 O-O 5. e4 d6 6. Be2 e5 7. O-O Nc6 8. d5 Ne7 9. Ne1 Nd7 10. Be3 f5 11. f3 f4 12. Bf2 g5 13. Nd3 Ng6 14. b4 Nf6 15. c5 Rf7 16. a4 Bf8 17. b5 dxc5 18. Nxc5 Bd6 19. Bc4 Qe7 20. Ne6 Ne8 21. a5 h5 22. b6 cxb6 23. axb6 a6 24. Nb5 Nf8 25. Nxd6 Nxd6 26. Nc7 Rb8 27. Rc1 Rf6 28. Be2 Rg6 29. Kh1 g4 30. Bc5 g3 31. Bg1 Bh3 32. hxg3 fxg3 33. Bh2 Bd7 0-1

[Event "Sparkassen-Open A"]
[Site "Heusenstamm, Martinsee"]
[Date "2025.11.20"]
[Round "1.62"]
[White "Musiienko, Platon"]
[Black "Winand, Edgar"]
[Result "1-0"]
[WhiteElo "2107"]
[BlackElo "1876"]
[PlyCount "109"]
[EventDate "2025.11.20"]
[WhiteTeam "Wiesbadener SV 1885"]
[BlackTeam "SVKT Bad Camberg 2025"]

1. e4 g5 2. d4 Bg7 3. c3 h6 4. h4 gxh4 5. Nf3 h3 6. Rxh3 d6 7. Rh1 Nc6 8. Bc4 e5 9. dxe5 dxe5 10. Nbd2 Qd6 11. Qe2 Be6 12. Nf1 O-O-O 13. Bd2 Nge7 14. O-O-O f5 15. exf5 Nxf5 16. g4 Nfe7 17. Qe4 Na5 18. Bxe6+ Qxe6 19. Qa4 b6 20. Ng3 Rhf8 21. Nh4 Qc4 22. Qxc4 Nxc4 23. Nhf5 Nxf5 24. Nxf5 Rxd2 25. Rxd2 Nxd2 26. Kxd2 Bf6 27. Ke2 Bg5 28. f3 Rd8 29. Rd1 Rxd1 30. Kxd1 Kd7 31. Ke2 Ke6 32. Kd3 a6 33. Ke4 c6 34. a4 b5 35. b3 Bf4 36. axb5 cxb5 37. b4 Bg5 38. Ng3 Bd2 39. Kd3 Bf4 40. Ne4 Kd5 41. Nf6+ Ke6 42. Ne8 Kd7 43. Ng7 Kd6 44. Nh5 Bg5 45. Ng3 Kd5 46. Ne4 Bd8 47. Nc5 a5 48. Nb7 axb4 49. Nxd8 bxc3 50. Kxc3 e4 51. f4 b4+ 52. Kxb4 e3 53. Kc3 Ke4 54. Ne6 Kf3 55. f5 1-0

[Event "Sparkassen-Open A"]
[Site "Heusenstamm, Martinsee"]
[Date "2025.11.20"]
[Round "1.63"]
[White "Schelhorn, Paul"]
[Black "Burkhardt, Holger"]
[Result "0-1"]
[WhiteElo "1871"]
[BlackElo "2102"]
[PlyCount "68"]
[EventDate "2025.11.20"]
[WhiteTeam "SF 1974 Heinsberg e."]
[BlackTeam "SK Anderten"]

1. d4 e6 2. c4 f5 3. g3 Nf6 4. Bg2 Be7 5. Nc3 c6 6. Nf3 d5 7. O-O Ne4 8. Ne5 Nd7 9. Nxd7 Bxd7 10. Qb3 Nxc3 11. bxc3 b5 12. cxd5 cxd5 13. f3 O-O 14. Bf4 a5 15. e4 Bc6 16. exf5 exf5 17. Be5 b4 18. f4 Qd7 19. c4 Rfd8 20. Rac1 Ra7 21. Rfe1 Rb7 22. Re2 a4 23. Qd1 dxc4 24. Rxc4 Bxg2 25. Rxg2 Qb5 26. Rc1 b3 27. Rb1 Rc8 28. axb3 axb3 29. Rgb2 Rc3 30. Ra1 Qd5 31. g4 Qe4 32. gxf5 Rc2 33. Rxc2 bxc2 34. Qf1 Rb1 0-1

[Event "Sparkassen-Open A"]
[Site "Heusenstamm, Martinsee"]
[Date "2025.11.20"]
[Round "1.64"]
[White "Hilzinger, Markus"]
[Black "Griesfeller, Sven"]
[Result "1/2-1/2"]
[WhiteElo "2102"]
[BlackElo "1869"]
[PlyCount "130"]
[EventDate "2025.11.20"]
[WhiteTeam "SC Pforzheim 1906"]
[BlackTeam "Schachdrachen Büdingen-Wächtersb"]

1. c4 e5 2. Nc3 Nf6 3. Nf3 Nc6 4. g3 Bb4 5. Nd5 e4 6. Nh4 d6 7. a3 Bc5 8. d3 O-O 9. e3 exd3 10. Bxd3 Ne5 11. b4 Nxd3+ 12. Qxd3 Bb6 13. Bb2 Nxd5 14. Qxd5 Be6 15. Qh5 h6 16. Nf5 Bxf5 17. Qxf5 Qc8 18. Qd5 Qe6 19. Rd1 Rfd8 20. O-O c6 21. Qd3 d5 22. c5 Bc7 23. a4 a6 24. Rd2 Re8 25. Bd4 Qe4 26. f3 Qxd3 27. Rxd3 f5 28. Kf2 Kf7 29. Rb1 Be5 30. Rb2 Bxd4 31. Rxd4 g5 32. h4 Kg6 33. g4 gxh4 34. gxf5+ Kxf5 35. Rxh4 Re6 36. Rb1 Rae8 37. Rbh1 Rxe3 38. Rh5+ Kg6 39. Rxh6+ Kg7 40. Rh7+ Kg6 41. Rxb7 Rb3 42. Rhh7 Rf8 43. Rhg7+ Kf6 44. Rge7 Rxb4 45. Rxb4 Kxe7 46. Rb6 Rf4 47. Rxa6 Kd7 48. Ra7+ Kc8 49. Ke3 Rc4 50. f4 Rxc5 51. f5 d4+ 52. Ke4 Kd8 53. f6 Ke8 54. f7+ Kf8 55. Kxd4 Rh5 56. a5 Rg5 57. Kc4 Rb5 58. a6 Ra5 59. Kb4 Rb5+ 60. Ka4 Rb6 61. Ra8+ Ke7 62. a7 Ra6+ 63. Kb4 Kxf7 64. Kc5 Ra1 65. Kb4 Rb1+ 1/2-1/2

[Event "Sparkassen-Open A"]
[Site "Heusenstamm, Martinsee"]
[Date "2025.11.20"]
[Round "1.65"]
[White "Rohatgi, Kushagra"]
[Black "Longo, Massimo"]
[Result "1/2-1/2"]
[WhiteElo "1869"]
[BlackElo "2079"]
[PlyCount "126"]
[EventDate "2025.11.20"]
[WhiteTeam "SAbt TuS Makkabi Ffm"]
[BlackTeam "SK Gräfelfing"]

1. e4 e6 2. d3 d5 3. Nd2 Nf6 4. Ngf3 c5 5. g3 Nc6 6. Bg2 Be7 7. O-O O-O 8. e5 Nd7 9. Re1 Qc7 10. Qe2 b5 11. Nf1 a5 12. Bf4 Ba6 13. Ne3 Nb6 14. Ng4 Nd4 15. Qd2 Nf5 16. Ne3 Nxe3 17. Bxe3 Rfc8 18. Bg5 Bf8 19. Qe2 b4 20. Qd1 Bb5 21. h4 c4 22. d4 a4 23. Bf1 Be8 24. Qe2 Rcb8 25. Rec1 Nc8 26. Qd1 Na7 27. Nh2 Nb5 28. Ng4 h6 29. Be3 Na7 30. Bg2 Nc6 31. Qd2 Ne7 32. Qd1 Nf5 33. Bh3 Ra6 34. Bf1 Ra5 35. Bf4 Qb6 36. Be3 Rba8 37. Be2 Qc7 38. Bf4 c3 39. bxc3 Qxc3 40. Bd3 Qxd4 41. Bxf5 Qxd1+ 42. Rxd1 exf5 43. Ne3 Rc8 44. Rac1 Bd7 45. Rxd5 Rxd5 46. Nxd5 Rb8 47. e6 Bxe6 48. Bxb8 Bxd5 49. c4 Be4 50. Be5 Bc5 51. Bb2 a3 52. Ba1 f6 53. Kf1 Bf3 54. Re1 Kf7 55. Kg1 Be4 56. Rd1 Ke6 57. Rd2 Bb1 58. Kf1 Bb6 59. Ke2 Ba5 60. Kd1 Be4 61. Ke2 Bb1 62. Kd1 Be4 63. Ke2 Bb1 1/2-1/2

[Event "Sparkassen-Open A"]
[Site "Heusenstamm, Martinsee"]
[Date "2025.11.20"]
[Round "1.66"]
[White "Wenzel, Calvin"]
[Black "Hasenpflug, Till"]
[Result "1-0"]
[WhiteElo "2065"]
[BlackElo "1868"]
[PlyCount "139"]
[EventDate "2025.11.20"]
[WhiteTeam "SK 1980 Gernsheim"]
[BlackTeam "SK Bad Homburg 1927"]

1. e4 c5 2. Nf3 Nc6 3. d4 cxd4 4. Nxd4 g6 5. Nc3 Bg7 6. Be3 Nf6 7. Bc4 O-O 8. Bb3 Qa5 9. O-O d6 10. h3 Bd7 11. Re1 Nxd4 12. Bxd4 Bc6 13. Nd5 Bxd5 14. exd5 Rfe8 15. Re2 Rac8 16. Qe1 Qd8 17. Qb4 b6 18. Rae1 Nd7 19. Bxg7 Kxg7 20. Ba4 Rc5 21. Qd4+ Kg8 22. b4 Rc7 23. Bb5 f6 24. Qe4 Kg7 25. Qe6 Nf8 26. Qg4 Nd7 27. Qe6 Nf8 28. Qg4 Nd7 29. Qd4 Kf7 30. Qf4 Kg7 31. h4 h5 32. Qd4 Rb7 33. Re3 Rc7 34. f4 Kh7 35. Bd3 f5 36. Bb5 Rxc2 37. g3 Rc7 38. Qb2 a6 39. Bxa6 Nf6 40. Qd4 Ra7 41. Bb5 Rf8 42. a4 Rf7 43. a5 Ne4 44. Bc6 Ra6 45. Bb5 Ra8 46. a6 Qc7 47. Qc4 Qxc4 48. Bxc4 Kg7 49. Bb5 Kf6 50. Bd3 Nc3 51. Re6+ Kg7 52. Rxe7 Nxd5 53. Rxf7+ Kxf7 54. Bc4 Kg7 55. Bxd5 Rxa6 56. Re7+ Kf8 57. Rf7+ Ke8 58. Rb7 Ra1+ 59. Kf2 Rd1 60. Bc6+ Kd8 61. b5 Rd4 62. Ke3 Ra4 63. Rxb6 Ra2 64. Rb8+ Kc7 65. Rb7+ Kc8 66. Rg7 Ra3+ 67. Kd4 Ra4+ 68. Kd5 Rxf4 69. Kxd6 Rd4+ 70. Bd5 1-0

[Event "Sparkassen-Open A"]
[Site "Heusenstamm, Martinsee"]
[Date "2025.11.20"]
[Round "1.67"]
[White "Richter, Johanna"]
[Black "Hoffmann, Jens"]
[Result "1/2-1/2"]
[WhiteElo "1868"]
[BlackElo "2094"]
[PlyCount "87"]
[EventDate "2025.11.20"]
[WhiteTeam "Sfr.Heidesheim"]
[BlackTeam "SF HN-Biberach 1978 e.V."]

1. d4 Nf6 2. c4 g6 3. Nc3 d5 4. cxd5 Nxd5 5. e4 Nxc3 6. bxc3 Bg7 7. Nf3 c5 8. Be3 Qa5 9. Qd2 Nc6 10. h3 O-O 11. Rd1 Rd8 12. Bc4 b5 13. Bd5 Bb7 14. O-O Rac8 15. Bh6 cxd4 16. Bxg7 Kxg7 17. cxd4 Qxd2 18. Rxd2 e6 19. Bxc6 Rxc6 20. Re1 Rc4 21. Kf1 h6 22. Kg1 a6 23. Kh2 Rd6 24. Kg1 b4 25. Rd3 f5 26. exf5 Bxf3 27. gxf3 gxf5 28. Re5 Kf6 29. Ra5 Kg5 30. Kg2 Kf4 31. a3 bxa3 32. Rdxa3 Rcc6 33. R3a4 Kg5 34. Kg3 h5 35. h4+ Kf6 36. Kf4 Rb6 37. Kg3 Ke7 38. Kf4 Kf6 39. Kg3 Rdc6 40. d5 exd5 41. Rxd5 Rb5 42. Rxa6 Rxa6 43. Rxb5 Ra8 44. Kf4 1/2-1/2

[Event "Sparkassen-Open A"]
[Site "Heusenstamm, Martinsee"]
[Date "2025.11.20"]
[Round "1.68"]
[White "Meuer, David"]
[Black "Ellsiepen, Luca"]
[Result "1-0"]
[WhiteElo "2081"]
[BlackElo "1866"]
[PlyCount "85"]
[EventDate "2025.11.20"]
[WhiteTeam "TSV Schott Mainz"]
[BlackTeam "SK Marburg 1931/72"]

1. e4 e5 2. Nf3 Nc6 3. d4 exd4 4. Nxd4 Nf6 5. Nc3 Bb4 6. Nxc6 bxc6 7. Bd3 d5 8. exd5 cxd5 9. O-O O-O 10. Bg5 c6 11. Qf3 h6 12. Bxf6 Qxf6 13. Qxf6 gxf6 14. Ne2 a5 15. Ng3 Rb8 16. c3 Bd6 17. Rab1 Re8 18. Rfe1 Be6 19. Nh5 Be7 20. h3 Kf8 21. Re2 Bd7 22. Re3 c5 23. Rg3 Rb6 24. Bh7 Bd8 25. Nf4 Be6 26. Re1 Rxb2 27. Nxd5 Bg4 28. Rxe8+ Kxe8 29. Rxg4 Kd7 30. Ra4 Ke6 31. Ne3 Bc7 32. Bf5+ Ke7 33. Nd5+ Kd6 34. Nxc7 Kxc7 35. Rxa5 Kd6 36. Ra7 Kd5 37. Bd3 Rd2 38. Rd7+ Ke5 39. Bb5 Rxa2 40. Rxf7 c4 41. Bxc4 Rc2 42. Re7+ Kd6 43. Re3 1-0

[Event "Sparkassen-Open A"]
[Site "Heusenstamm, Martinsee"]
[Date "2025.11.20"]
[Round "1.69"]
[White "Schumacher, Markus"]
[Black "Segna, Ulrich"]
[Result "1/2-1/2"]
[WhiteElo "1858"]
[BlackElo "2090"]
[PlyCount "66"]
[EventDate "2025.11.20"]
[WhiteTeam "Godesberger SK 1929 e. V"]
[BlackTeam "SV 1920 Hofheim"]

1. e4 e6 2. d4 d5 3. exd5 exd5 4. Bd3 Bd6 5. c3 Nc6 6. Qf3 Nge7 7. Ne2 Be6 8. Bf4 Ng6 9. Bxd6 Qxd6 10. Qg3 Qxg3 11. hxg3 Nce7 12. Na3 O-O-O 13. Nc2 Bf5 14. Kd2 h6 15. Ne3 Bxd3 16. Kxd3 Rhe8 17. b4 c6 18. a4 Nf8 19. Nf4 Nd7 20. b5 Nf6 21. f3 Kc7 22. Kd2 Nd7 23. Rab1 Nb6 24. a5 Nbc8 25. Nd3 Nd6 26. bxc6 Nxc6 27. Nxd5+ Kb8 28. Ne3 Nxa5 29. d5 b6 30. Rb4 Nc6 31. Rbb1 Na5 32. Rb4 Nc6 33. Rbb1 Na5 1/2-1/2

[Event "Sparkassen-Open A"]
[Site "Heusenstamm, Martinsee"]
[Date "2025.11.20"]
[Round "1.70"]
[White "Di Fonzo, Valerio"]
[Black "Gao, Chenzhuo"]
[Result "1/2-1/2"]
[WhiteElo "2084"]
[BlackElo "1825"]
[PlyCount "78"]
[EventDate "2025.11.20"]
[WhiteTeam "Mimosa SSD Milano"]
[BlackTeam "SC Rotenburg"]

1. e4 c6 2. Nc3 d5 3. Nf3 Bg4 4. h3 Bxf3 5. Qxf3 e6 6. g3 Nd7 7. Qe2 d4 8. Nb1 Bd6 9. d3 Ne7 10. Bg2 Qb6 11. Nd2 Qc7 12. a4 a5 13. O-O O-O 14. Nc4 b5 15. axb5 cxb5 16. Nxd6 Qxd6 17. e5 Qxe5 18. Qxe5 Nxe5 19. Bxa8 Rxa8 20. Bf4 N5c6 21. c3 Nd5 22. Bd2 Kf8 23. Rfd1 Rb8 24. c4 bxc4 25. dxc4 Ndb4 26. Rdb1 Ke7 27. b3 Kd6 28. Bxb4+ Rxb4 29. Kf1 e5 30. f3 Rb8 31. Ke2 f5 32. g4 Rf8 33. gxf5 Rxf5 34. Rg1 g6 35. Rg4 Kc5 36. Ra4 Rf7 37. Rg5 Rf4 38. Rg4 Rf7 39. Rg5 Rf4 1/2-1/2

[Event "Sparkassen-Open A"]
[Site "Heusenstamm, Martinsee"]
[Date "2025.11.20"]
[Round "1.71"]
[White "Eitel, Luc"]
[Black "Vranckx, Oscar"]
[Result "0-1"]
[WhiteElo "1855"]
[BlackElo "2073"]
[PlyCount "106"]
[EventDate "2025.11.20"]
[WhiteTeam "SAbt SV Werder Bremen"]
[BlackTeam "Sfr.Mainz 1928"]

1. e4 e6 2. d4 d5 3. exd5 exd5 4. Bd3 Nc6 5. c3 Bd6 6. Ne2 Nge7 7. O-O Bg4 8. Re1 Qd7 9. a4 O-O 10. Qc2 Ng6 11. a5 a6 12. Nd2 Rae8 13. Nf1 Be6 14. Nfg3 f5 15. Nh5 Qf7 16. Nhf4 Bd7 17. Be3 Nxf4 18. Nxf4 Nxa5 19. Nxd5 Qxd5 20. c4 Qf7 21. Rxa5 Bb4 22. Rea1 Bxa5 23. Rxa5 c6 24. h3 Bc8 25. Bd2 b6 26. Ra1 Qc7 27. g3 Qd7 28. Be3 g6 29. d5 c5 30. b4 Qc7 31. Bf4 Qg7 32. Rb1 cxb4 33. Bd6 a5 34. Bxf8 Qxf8 35. Qa4 Rd8 36. Re1 Bd7 37. Qb3 a4 38. Qd1 Re8 39. Rxe8 Qxe8 40. Qc1 a3 41. Bc2 Qe5 42. Qb1 Qb2 43. Qxb2 axb2 44. Kf1 f4 45. g4 Ba4 46. Bb1 Bb3 47. Ke1 Bxc4 48. d6 Kf7 49. Kd2 Ke6 50. Kc2 Kxd6 51. Kxb2 Kc5 52. h4 Be6 53. g5 f3 0-1

[Event "Sparkassen-Open A"]
[Site "Heusenstamm, Martinsee"]
[Date "2025.11.20"]
[Round "1.72"]
[White "Wachsmann, Elmar"]
[Black "Kulenovic, Adnan"]
[Result "1-0"]
[WhiteElo "2062"]
[BlackElo "1854"]
[PlyCount "87"]
[EventDate "2025.11.20"]
[WhiteTeam "SC Groß-Umstadt"]
[BlackTeam "Spielgemeinschaft Kinzigtal"]

1. d4 Nf6 2. c4 e5 3. dxe5 Ne4 4. a3 d6 5. Qc2 Bf5 6. Nc3 Nxc3 7. Qxf5 Ne4 8. exd6 Bxd6 9. Qb5+ Qd7 10. g3 Nc5 11. Qxd7+ Nbxd7 12. Be3 Nb3 13. Rd1 Ne5 14. Bd4 O-O 15. e3 Rad8 16. Be2 Rfe8 17. Nf3 Nxf3+ 18. Bxf3 Bxa3 19. Bc3 Bc5 20. Bxb7 Nd4 21. Kf1 Nc2 22. Rxd8 Rxd8 23. Ke2 Nb4 24. Ra1 Rb8 25. Bxb4 Bxb4 26. Rxa7 Bc5 27. Ra5 Rxb7 28. Rxc5 Rxb2+ 29. Kf3 Rb7 30. Rb5 Rxb5 31. cxb5 Kf8 32. Ke4 Ke7 33. Kd5 Kd7 34. e4 g5 35. f4 gxf4 36. gxf4 h5 37. e5 h4 38. h3 Ke7 39. Kc6 Kd8 40. f5 Kc8 41. e6 fxe6 42. fxe6 Kd8 43. Kb7 c5 44. bxc6 1-0

[Event "Sparkassen-Open A"]
[Site "Heusenstamm, Martinsee"]
[Date "2025.11.20"]
[Round "1.73"]
[White "Ziska, Stephan"]
[Black "Lutterbach, Jakob"]
[Result "0-1"]
[WhiteElo "1848"]
[BlackElo "2055"]
[PlyCount "62"]
[EventDate "2025.11.20"]
[WhiteTeam "Schachforum Darmstadt 1994"]
[BlackTeam "SK Bingen"]

1. e4 c6 2. Bc4 d5 3. Bb3 dxe4 4. Qh5 g6 5. Qe2 Nf6 6. Nc3 Bg7 7. Nxe4 Nxe4 8. Qxe4 O-O 9. Nf3 c5 10. O-O Nc6 11. d3 e6 12. Bg5 Qc7 13. c3 h6 14. Be3 b6 15. Rad1 Bb7 16. Qh4 g5 17. Bxg5 hxg5 18. Nxg5 Rfe8 19. Rfe1 Ne5 20. d4 c4 21. Qh7+ Kf8 22. Ba4 Bc6 23. dxe5 Bxa4 24. Rd6 Rad8 25. Qh5 Rxd6 26. exd6 Qd7 27. Re3 f6 28. Rf3 Bc2 29. h4 Kg8 30. Nh3 Bd1 31. Ng5 fxg5 0-1

[Event "Sparkassen-Open A"]
[Site "Heusenstamm, Martinsee"]
[Date "2025.11.20"]
[Round "1.74"]
[White "Steinle, Carsten"]
[Black "Klebs, Sebastian"]
[Result "1-0"]
[WhiteElo "2080"]
[BlackElo "1845"]
[PlyCount "115"]
[EventDate "2025.11.20"]
[WhiteTeam "Schachverein Ahlen 1954 e. V."]
[BlackTeam "Karlsruher SF 1853"]

1. Nf3 d5 2. b3 Nf6 3. Bb2 e6 4. e3 c5 5. Be2 Nc6 6. O-O Be7 7. d3 O-O 8. Nbd2 b6 9. c4 Bb7 10. a3 Rc8 11. Rc1 Re8 12. Rc2 Nd7 13. d4 Bf6 14. Bd3 g6 15. Qa1 Na5 16. cxd5 exd5 17. Be2 Nc6 18. Rfc1 Qe7 19. Bf1 Bg7 20. dxc5 Bxb2 21. Qxb2 bxc5 22. Qc3 Qd6 23. h3 Qe7 24. Qd3 Nce5 25. Nxe5 Qxe5 26. Nf3 Qf6 27. Qc3 Qxc3 28. Rxc3 f6 29. Bb5 Bc6 30. Bf1 Bb7 31. Ne1 Rc7 32. Be2 Kf7 33. Bf3 Ke6 34. Nd3 Rec8 35. Nf4+ Ke5 36. Rd1 Nb6 37. Nd3+ Ke6 38. Rdc1 Nd7 39. a4 a6 40. Nf4+ Ke5 41. Rd1 d4 42. Nd3+ Ke6 43. Bxb7 dxc3 44. Nf4+ Ke7 45. Bxc8 Rxc8 46. Rc1 g5 47. Ne2 a5 48. Nxc3 f5 49. Kf1 Ke6 50. Nb5 Ne5 51. Ke2 h5 52. Na3 Rb8 53. Rc3 Kd5 54. Kd2 Rb4 55. Kc2 c4 56. Nb5 cxb3+ 57. Rxb3 Rxa4 58. Nc3+ 1-0

[Event "Sparkassen-Open A"]
[Site "Heusenstamm, Martinsee"]
[Date "2025.11.20"]
[Round "1.75"]
[White "Marchese, Gaspare"]
[Black "Wachsmann, Dietmar"]
[Result "0-1"]
[WhiteElo "1844"]
[BlackElo "2012"]
[PlyCount "110"]
[EventDate "2025.11.20"]
[WhiteTeam "SC Matt im Park Ffm"]
[BlackTeam "SC Groß-Umstadt"]

1. e4 c5 2. Bc4 e6 3. Qe2 a6 4. a4 Nc6 5. Nf3 Be7 6. c3 d5 7. exd5 exd5 8. Ba2 Nf6 9. h3 O-O 10. O-O Bf5 11. Nh4 Be6 12. d3 Nd7 13. Nf3 b5 14. Nbd2 Bf6 15. Bb1 Bf5 16. Qd1 b4 17. cxb4 Nxb4 18. Nb3 Re8 19. d4 Bxb1 20. Rxb1 c4 21. Na1 Re4 22. Be3 Qe7 23. Nc2 a5 24. Na3 g6 25. Nb5 Nb8 26. Nc3 Re6 27. Qd2 N8c6 28. Nb5 Rc8 29. Rfd1 Qd7 30. Kf1 Ne7 31. Re1 Nd3 32. Re2 Nf5 33. Ne1 Nb4 34. Nc3 Rce8 35. Ra1 Qe7 36. Nd1 Bxd4 37. Ra3 c3 38. bxc3 Bxe3 39. Nxe3 Nxe3+ 40. fxe3 Rxe3 41. Rxe3 Qxe3 42. Qxe3 Rxe3 43. Nf3 Nc6 44. Kf2 d4 45. Rb3 Kg7 46. Ra3 Rxc3 47. Rxc3 dxc3 48. Ke2 Nb4 49. Kd1 Kf6 50. Nd4 Ke5 51. Nb3 Nc6 52. Kc1 Ke4 53. Kc2 Nd4+ 54. Kxc3 Nxb3 55. Kxb3 Kd3 0-1